000 00650nam a2200241Ia 4500
003 OSt
005 20220925201701.0
006 a|||||r|||| 00| 0
007 ta
008 220923b |||||||| |||| 00| 0 eng d
037 _cGeneral Book
040 _aRTL
_cRTL
_beng
041 _2eng
_aeng
082 _aT.2.N7, L3
100 _aPrem Kirpal
_959287
245 0 _aEducation
260 _aDelhi
_bManager of Pulication India
_c1973
300 _a55p.
_ccm.
490 _aWeenty-fifth anniversary of independence sereis
650 _aEducation
942 _hT.2.N7, L3
_cGB
_2CC
999 _c540804
_d540804